000 00344nam a2200109Ia 4500
008 230907s9999||||xx |||||||||||||| ||und||
082 _a697.93
_bASH
245 0 _a2016 Ashrae handbook :
260 _aAmerican Society of Heating, Refrigerating and Air-Conditioning Engineers (ASHRAE),
_bAtlanta :
_c2016
300 _avarious pages.
942 _cBK
999 _c599478
_d599478